Qualitative research and evaluation methods
The book that has been a resource and training tool for countless applied researchers, evaluators, and graduate students has been completely revised with hundreds of new examples and stories illuminating all aspects of qualitative inquiry. Patton has created the most comprehensive, systematic, and u...
Saved in:
| Main Author: | |
|---|---|
| Format: | Book |
| Language: | Undetermined |
| Published: |
Thousand Oaks, Calif.
Sage Publications
2002
|
| Subjects: | |
| Tags: |
Add Tag
No Tags, Be the first to tag this record!
|
| Institutions: | Trung tâm Học liệu Trường Đại học Cần Thơ |
|---|
| LEADER | 00969nam a2200217Ia 4500 | ||
|---|---|---|---|
| 001 | CTU_153183 | ||
| 008 | 210402s9999 xx 000 0 und d | ||
| 020 | |c 88 | ||
| 082 | |a 300.7 | ||
| 082 | |b P322 | ||
| 100 | |a Patton, Michael Quinn | ||
| 245 | 0 | |a Qualitative research and evaluation methods | |
| 245 | 0 | |c Michael Quinn Patton | |
| 260 | |a Thousand Oaks, Calif. | ||
| 260 | |b Sage Publications | ||
| 260 | |c 2002 | ||
| 520 | |a The book that has been a resource and training tool for countless applied researchers, evaluators, and graduate students has been completely revised with hundreds of new examples and stories illuminating all aspects of qualitative inquiry. Patton has created the most comprehensive, systematic, and up-to-date review of qualitative methods available. | ||
| 650 | |a Social sciences,Evaluation research (Social action programs) | ||
| 650 | |x Methodology | ||
| 904 | |i Giang | ||
| 980 | |a Trung tâm Học liệu Trường Đại học Cần Thơ | ||